=LDR 00000nam 2200000 4500 =001 INLIS000000000026399 =005 20130612124837 =008 ***********************************Ind** =035 ##$$0010-061300000026399 =041 ##$$a Ind =082 ##$$a 530.07 =090 ##$$a 530.07, Sup f =100 ##$$a Suparmo =245 ##$$a Fisika 1b untuk SMU Kelas 1 Caturwulan I dan II , Drs.Soeparmo =260 ##$$a 1994 $b Surakarta =300 ##$$a ...Jilid., ilus., 28 cm =650 ##$$a Fisika =650 ##$$a Studi dan pengajaran =850 ##$$a NBPNMAT =990 ##$$a 0001/BPAP-NTB/2016